| 000 | 00690nam a2200205 i 4500 | ||
|---|---|---|---|
| 001 | 59324 | ||
| 003 | ES-MaACL | ||
| 005 | 20250830041845.0 | ||
| 007 | t| | ||
| 008 | 031028m19501954sp abp e |||| |dspa d | ||
| 080 | _a282(03) | ||
| 245 | 0 | 0 | _aEnciclopedia de la religión católica. |
| 260 |
_aBarcelona : _bDalmau y Jover, _c1950-54. |
||
| 300 |
_a6 v. : _bil., mapas ; _c30 cm. |
||
| 505 | 8 | _aContiene: 1. A-Birmingham -- 2. Birnau-Demol -- 3. Demonio-Hamilton(Juan) -- 5. Malthus-Pio VIII -- 6. Pio IX-Tabbora | |
| 610 | 2 | 4 |
_aIglesia Católica- _xDiccionarios. _9140937 |
| 650 | 0 | 7 |
_aCatólicos _2embne _9135741 |
| 852 |
_aES-MaACL _jC-5940-44 bis |
||
| 999 |
_c59324 _d59324 |
||